000 00768nam a2200217Ia 4500
003 GCL
005 20240530102525.0
008 140319s9999 xx 000 0 ara d
020 _a4791201977
040 _aGCL /
_cGCL
082 0 4 _a962.048
_bق/ع ث
100 1 _aعبدالعظيم رمضان
245 1 0 _aثورة 1919 فى ضوء مذكرات سعد زغلول /
_cعبدالعظيم رمضان
260 _aالقاهرة :
_bالهيئة المصرية العامة للكتاب ،
_c2002
300 _a259 ص ؛
_c22 سم
490 _aتاريخ المصريين
_v219
650 0 4 _aسعد زغلول
650 0 4 _aمصر - تاريخ - العصر الحديث - ثورة 1919
650 0 4 _aمصر - تاريخ - الثورات
942 _2ddc
_cBK
999 _c32864
_d32864